Resonance radiation and excited atoms (Record no. 7594)

MARC details
000 -LEADER
fixed length control field 00636nam a2200205Ia 4500
003 - CONTROL NUMBER IDENTIFIER
control field IN-BaIIA
008 - FIXED-LENGTH DATA ELEMENTS--GENERAL INFORMATION
fixed length control field 211028s9999 xx 000 0 eng d
040 ## - CATALOGING SOURCE
Transcribing agency IIA Library
080 ## - UNIVERSAL DECIMAL CLASSIFICATION NUMBER
Universal Decimal Classification number 539.18
Item number MIT
100 ## - MAIN ENTRY--PERSONAL NAME
Personal name Mitchell, Allan C. G.
9 (RLIN) 1879
245 #0 - TITLE STATEMENT
Title Resonance radiation and excited atoms
Statement of responsibility, etc. Allan C. Mitchell G. and Mark W. Zemansky
260 ## - PUBLICATION, DISTRIBUTION, ETC.
Place of publication, distribution, etc. Cambridge
Name of publisher, distributor, etc. Cambridge University Press
Date of publication, distribution, etc. 1934
300 ## - PHYSICAL DESCRIPTION
Extent xvu, 338p.
490 ## - SERIES STATEMENT
Series statement The Cambridge Series of Physical Chemistry
500 ## - GENERAL NOTE
General note Donated by Mrs. Bappu
650 ## - SUBJECT ADDED ENTRY--TOPICAL TERM
Topical term or geographic name entry element Atomic Physics
9 (RLIN) 1547
650 ## - SUBJECT ADDED ENTRY--TOPICAL TERM
Topical term or geographic name entry element NASA Thesaurus
700 ## - ADDED ENTRY--PERSONAL NAME
Personal name Zemansky, Mark W.
9 (RLIN) 1880
942 ## - ADDED ENTRY ELEMENTS (KOHA)
Koha item type Books
Holdings
Withdrawn status Lost status Damaged status Not for loan Home library Current library Shelving location Date acquired Total Checkouts Full call number Barcode Date last seen Price effective from Koha item type
        IIA Library-Bangalore IIA Library-Bangalore General Stacks 20/07/1983   539.18/ MIT 8408 05/11/2021 20/07/1983 Books

Powered by Koha